1156 1497 1293 1068 1231 1378 1253 1269 1116 1070 1100 1008 1459 1707 1198 1308 1989 1146 1877 1564 1321 1177 1138 1028 1388 1894 1864 1435 1227 1810 1032 1781 1923 1302 1140 1906 1809 1035 1529 1200 1163 1405 1997 1350 1983 1650 1278 1036 1356 1999 1205 1960 1988 1961 1059 1433 1255 1250 1679 1476 1761 1677 1556 1238 1051 1409 1142 1271 1363 1646 1392 1646 1918 1900 1496 1257 1502 1295 1646 1970 1771 1955 1747 1042 1457 1533 1768 1497 1074 1281 1773 1827 1471 1331 1655 1815 1679 1339 1996 BCNSPRNW ULIB Ver.6.0+V

เปลี่ยนเป็นภาษาไทย

Change to English
 แสดงรายละเอียดบรรณานุกรม
  กลับหน้าหลัก

Brief Record : Get Marc (ISO 2709) : E-mail record : QR code < ปิดหน้าต่าง
LEADER : 00000nam 2200000uu 4500
001    13399110757
003     ULIB
008    110608s2542||||th 000 0 tha d
020    9748878287
060 04 WS105.5C3^bด121ส 2542
100 1  ด็อดสัน, ฟิทซ์ฮิวจ์
245 10 สอนลูกอย่างถูกวิธีด้วยความรัก /^cฟิทซ์ฮิวจ์ ด็อดสัน ;แก้วคำทิพย์ ไชยส้าน แปลเรียบเรียง
250    พิมพ็ครั้งที่ 3
260    กรุงเทพฯ :^bเดลฟี,^c2542
300    360 หน้า :^bภาพประกอบ
650  7 จิตวิทยาเด็ก
650  7 จิตวิทยาวัยรุ่น
650  7 เด็ก^xการดูแล
700 00 แก้วคำทิพย์ ไชยส้าน,^eผู้แปล
945    ^p180^l0^i012557
945    ^p180^l0^i012556
995    ทศพร
999 ^a ใช้งานได้ทุกระบบ
รายการนี้ยังไม่มีแท็ก
คุณยังไม่ได้ล็อกอิน คุณสามารถมีกิจกรรมร่วมกับเว็บไซต์ได้ แต่ต้องล็อกอินก่อน ::
  ล็อกอิน

รายการสื่อสารสนเทศ

ลำดับที่ ประเภท เลขเรียก/บาร์โค้ด สถานที่ สถานะ
- ไม่พบข้อมูล -

รายการใกล้เคียง
    หัวเรื่อง [จิตวิทยาเด็ก]
    หัวเรื่อง [จิตวิทยาวัยรุ่น]
    หัวเรื่อง [เด็ก การดูแล]

BibComment


ยังไม่เคยถูกคอมเมนท์

คอมเมนท์ทรัพยากรรายการนี้
  คอมเมนท์: สอนลูกอย่างถูกวิธ..


 Copyright 2026. Bcnsprnw @Library